000 00940nam a2200253Ia 4500
003 OSt
005 20230324132336.0
008 210423s2005 xx 000 0 und d
020 _a978-0-393-92587-6
040 _cAL
041 _aeng
082 _a821.1
_223
_bKOLN
100 _aKOLVE (V A);OLSON (Glending) Eds
_977444
245 _aNorton critical edition: Geoffrey Chaucer; the canterbury tales fifteen tales and the general prologue Ed 2
_bAuthoritative text sources and backgrounds criticism
250 _a2
260 _aNew York
_bW W Norton & Co.
_c2005
300 _axix,600
_bPB
365 _b1572.25
_cUSD
440 _aNorton critical edition
_977445
650 _aEnglish Literature
_977446
650 _aEnglish Poetry
_977447
906 _aauthoritative ; backgrounds ; canterbury ; chaucer ; critical ; criticism ; edition: ; fifteen ; general ; geoffrey ; Norton ; prologue ; sources ; tales
942 _2ddc
_cBK
999 _c168800
_d168800